Avez-vous la ref ? - Statistiques

Statistiques générales
  • Ce quiz a été pris 1 383 fois
  • Le résultat moyen est 9 sur 25
Statistiques - réponses
Hint Réponse % Correct
C’est tout simplement une hallucination Collective.
78%
Macron, destitution ! Macron, décapitation ! Macron, explosion !
72%
Oh punaise ! Marge, est-ce que tu vas me préparer mon donut sucré Au sucre ?
69%
Tu pousses le bouchon Un peu trop loin, Maurice.
68%
Je possède des thunes, ouais Je suis à l’aise financièrement.
66%
8 morts, 6 blessés, je pète ma bière Ma libellule !
53%
Grigny la grande borne Une bite sur l’épaule.
53%
Encore… Ça fait beaucoup là non ?
52%
La République, C’est moi !
51%
Marina passe et tu t’écartes, Marina domine et tu t’inclines.
47%
Jeanne Au secours !
43%
Ah bah c’est bien Nils, Super pour l’appareil photo.
40%
Hum-hum, mais comment vous m’avez trouvé ? Vous êtes vraiment très perspicace.
38%
Les calculs sont pas bons Kévin, C’est quand que tu vas me mettre des paillettes dans ma vie Kévin ?
28%
Elle est où ___ ? Jeanne
27%
Ce que vous proposez comme d’habitude, C’est de la poudre de perlimpinpin.
20%
Je suis pas raciste, J’ai une dent de requin de Madagascar.
16%
___ _____, __ _ ____. Je pense que vous le savez mieux que moi. Le football il a changé.
16%
Mais vous avez tout à fait raison, Monsieur le Premier Ministre.
16%
Le lion ne n’associe pas Avec le cafard.
15%
Oh tiens donc ! Comme c’est bizarre !
15%
Moi j’adore ça, le jus d’orange. C’est bien Éléonore, on est contents.
9%
J’ai des connaissances en chimie que tu n’as pas : Tu me frappes, je t’empoisonne.
4%
Mimi cracra, À Toulouse.
3%
Eh, ça va pas ou quoi ? Oh putain Laurent.
3%
Aucun quiz correspondant
Distribution des résultats
% des personnes avec chaque résultat
Percentile par nombre de réponses
Votre historique - résultats
Vous n’avez pas pris ce quiz